| 000 | 00558nam a2200181 4500 | ||
|---|---|---|---|
| 005 | 20250402161145.0 | ||
| 010 | _aENG-144448 | ||
| 020 |
_a9789357316194 _c399.00 |
||
| 035 | _aEN-127980 | ||
| 037 | _bDBAD | ||
| 082 | _aS | ||
| 100 |
_aReddy, Samhitha _980145 |
||
| 245 |
_aThe Jyotirlingas: _bTales of the Twelve Shrines/ _cSamhitha Reddy |
||
| 260 |
_aGurugram _bHachette Books Publishing _c2024 |
||
| 270 |
_a4th and 5th Floor, Corporate Centre, Plot No.-94, Sector 44, _bGurugram _e122003 |
||
| 300 |
_a242p. _c20cm(pb) |
||
| 942 |
_2ddc _cEN _hS _mRED |
||
| 999 |
_c210687 _d210687 |
||